Detalles MARC
| 000 -CABECERA |
| campo de control de longitud fija |
00858cam a2200241 a 4500 |
| 001 - NÚMERO DE CONTROL |
| campo de control |
000018343 |
| 005 - FECHA Y HORA DE LA ÚLTIMA TRANSACCIÓN |
| campo de control |
20200929165450.0 |
| 008 - DATOS DE LONGITUD FIJA--INFORMACIÓN GENERAL |
| campo de control de longitud fija |
060523s1959 gt a b 000 0 spa |
| 040 ## - FUENTE DE LA CATALOGACIÓN |
| Centro catalogador/agencia de origen |
DO-SdBNP |
| Lengua de catalogación |
spa |
| Centro/agencia transcriptor |
DLC |
| Centro/agencia modificador |
DLC |
| -- |
BNPHU |
| 050 00 - SIGNATURA TOPOGRÁFICA DE LA BIBLIOTECA DEL CONGRESO |
| Número de clasificación |
F1466.4.G32 |
| Número de documento/Ítem |
C5 |
| 082 ## - NÚMERO DE LA CLASIFICACIÓN DECIMAL DEWEY |
| Número de clasificación |
nn |
| Número de documento/Ítem |
C568d |
| 049 ## - FONDOS LOCALES (OCLC) |
| Fondos de biblioteca |
NN |
| 100 1# - ENTRADA PRINCIPAL--NOMBRE DE PERSONA |
| Nombre de persona |
Cid, Enrique del, |
| 9 (RLIN) |
39731 |
| 245 10 - MENCIÓN DE TÍTULO |
| Título |
Don Gabino de Gainza y otros estudios / |
| Mención de responsabilidad, etc. |
Enrique del Cid Fernández. |
| 260 ## - PUBLICACIÓN, DISTRIBUCIÓN, ETC. |
| Lugar de publicación, distribución, etc. |
Guatemala : |
| Nombre del editor, distribuidor, etc. |
Universitaria de San Carlos de Guatemala, |
| Fecha de publicación, distribución, etc. |
1959. |
| 300 ## - DESCRIPCIÓN FÍSICA |
| Extensión |
337 p. : |
| Otras características físicas |
il. ; |
| Dimensiones |
21 cm. |
| 490 1# - MENCIÓN DE SERIE |
| Mención de serie |
Autores Guatemalenses "Carlos Wyld Ospina" |
| Designación de volumen o secuencia |
4 |
| 504 ## - NOTA DE BIBLIOGRAFÍA, ETC. |
| Nota de bibliografía, etc. |
Incluye bibliografía: [327]-328. |
| 600 10 - PUNTO DE ACCESO ADICIONAL DE MATERIA--NOMBRE DE PERSONA |
| Nombre de persona |
Gainz, Gabino, |
| Fechas asociadas al nombre |
1760-1824. |
| 9 (RLIN) |
39732 |
| 651 #0 - PUNTO DE ACCESO ADICIONAL DE MATERIA--NOMBRE GEOGRÁFICO |
| Nombre geográfico |
Guatemala |
| Subdivisión general |
History |
| Subdivisión cronológica |
To 1821. |
| 9 (RLIN) |
39733 |
| 830 #0 - PUNTO DE ACCESO ADICIONAL DE SERIE-TÍTULO UNIFORME |
| Título uniforme |
Autores Guatemalenses "Carlos Wyld Ospina" |
| Designación de volumen o secuencia |
4 |
| 9 (RLIN) |
39734 |
| 910 ## - DATOS DE OPCIÓN DEL USUARIO (OCLC) |
| Datos de opción del usuario |
Catalogación por derivada / LC |